Normal view MARC view

Entry Personal Name

Number of records used in: 1

001 - CONTROL NUMBER

  • control field: 54791

003 - CONTROL NUMBER IDENTIFIER

  • control field: dpl

005 - DATE AND TIME OF LATEST TRANSACTION

  • control field: 20130116114103.0

008 - FIXED-LENGTH DATA ELEMENTS

  • fixed length control field: 130116|||a|||||| | ||| d

040 ## - CATALOGING SOURCE

  • Original cataloging agency: dpl
  • Transcribing agency: dpl

100 ## - HEADING--PERSONAL NAME

  • Personal name: مختا ر مسعو د

670 ## - SOURCE DATA FOUND

  • Source citation: Work cat.: (dpl)70585: مختا ر مسعو د, آ و ا ز د و ست /, 2012ء

670 ## - SOURCE DATA FOUND

  • Source citation: Work cat.: (dpl)70585: مختا ر مسعو د, آ و ا ز د و ست /, 2012ء

© Delhi Public Library
Hit Counter
free hit counter